000 00819cam a2200253 4500
001 X121713
008 030324n2003 000 0 eng u
035 _a(Sirsi) u121713
100 _aMenary, S.
245 _aStructural shift kicks in
260 _c2003
490 _aHouseBuilder
_v62(2) March 2003, 34-35(2)
520 _aSurvey of new house building activity in 2002 based on the numbers of planning applications submitted. Presents rankings of the top 10 housebuilders region by region excluding Northern Ireland.
650 _aNEW-BUILD
650 _aHOUSE BUILDING
650 _aPLANNING APPLICATIONS
650 _aHOUSE BUILDING INDUSTRY
650 _aREGIONS
650 _aSCOTLAND
650 _aWALES
650 _aENGLAND
690 _aBUILT ENVIRONMENT-CONSTRUCTION MARKET
942 _n0
999 _c72335
_d72335